| 000 | 00618nam a2200169 a 4500 | ||
|---|---|---|---|
| 001 | 000030394 | ||
| 005 | 20200930062306.0 | ||
| 008 | 110516s1996 dr ab 000 0 spa d | ||
| 040 |
_aDO-SdBNP _bspa _cBNPHU |
||
| 082 |
_axxx _bD441g |
||
| 245 | 0 | 1 |
_aEl desafío de la globalización : _bla economía dominicana en el mundo de hoy marzo-junio / _ccoordinador ; Abelardo Vicioso. |
| 260 |
_aSanto Domingo : _bCentro de Investigación y Promoción Social, (CIPROS), _c1996. |
||
| 300 |
_a58 p. : _bil., mapas ; _c21 cm. |
||
| 500 | _aTaller de Análisis de Coyuntura | ||
| 700 | 1 |
_aVicioso, Abelardo _923473 |
|
| 049 | _aBNPD | ||
| 999 |
_c29886 _d29886 |
||